Políticas urbanas del estado y reinvindicaciones urbanas en el Salvador, 1970-1977

Сохранить в:
Библиографические подробности
Главный автор: Lungo Ucles, Mario
Формат: Текст
Опубликовано: s.n.t. :
Метки: Добавить метку
Нет меток, Требуется 1-ая метка записи!

MARC

LEADER 00000 a a2200000 04500
001 15928
003
040
090 |a 015200  
100 |a Lungo Ucles, Mario  
245 |a Políticas urbanas del estado y reinvindicaciones urbanas en el Salvador, 1970-1977  
260 |a s.n.t. :  
300 |a 5 p.  
500 |a Sub-proyecto de la investigación: Desarrollo económico, proceso de urbanización y funciones metropolitanas en El Salvador  
999 |c 5688  |d 5688